Catálogo público

Frutales nativos : un recurso fitogenético de México / editor Raúl Nieto Ángel (Record no. 216866)

MARC details
000 -CABECERA
campo de control de longitud fija 00781nam a2200253Ia 4500
001 - NÚMERO DE CONTROL
campo de control Z_2417
008 - DATOS DE LONGITUD FIJA--INFORMACIÓN GENERAL
campo de control de longitud fija 220601s9999 xx 000 0 und d
020 ## - NÚMERO INTERNACIONAL ESTÁNDAR DEL LIBRO
Número Internacional Estándar del Libro 978-968-02-0377-2
082 ## - NÚMERO DE LA CLASIFICACIÓN DECIMAL DEWEY
Número de clasificación 634.0972 F78
245 ## - MENCIÓN DE TÍTULO
Título Frutales nativos : un recurso fitogenético de México / editor Raúl Nieto Ángel
260 ## - PUBLICACIÓN, DISTRIBUCIÓN, ETC.
Lugar de publicación, distribución, etc. Chapingo, México : Universidad Autonoma de Chapingo
300 ## - DESCRIPCIÓN FÍSICA
Extensión 270 p.
503 ## - NOTA DE HISTORIA BIBLIOGRÁFICA (BK CF MU) [OBSOLETO]
Nota de historia bibliográfica ej.1: s/n
504 ## - NOTA DE BIBLIOGRAFÍA, ETC.
Nota de bibliografía, etc. Incluye bibliografía
650 ## - PUNTO DE ACCESO ADICIONAL DE MATERIA--TÉRMINO DE MATERIA
Término de materia o nombre geográfico como elemento de entrada 1. Fruticultura -- México
650 ## - PUNTO DE ACCESO ADICIONAL DE MATERIA--TÉRMINO DE MATERIA
Término de materia o nombre geográfico como elemento de entrada Árboles frutales -- México
650 ## - PUNTO DE ACCESO ADICIONAL DE MATERIA--TÉRMINO DE MATERIA
Término de materia o nombre geográfico como elemento de entrada Genética vegetal
700 ## - PUNTO DE ACCESO ADICIONAL--NOMBRE DE PERSONA
Nombre de persona Nieto Ángel, Raúl, ed.Ì
9 (RLIN) 179440
901 ## - ELEMENTOS DE DATOS A LOCAL LDA (RLIN)
a 634.0972 F78
902 ## - ELEMENTOS DE DATOS B LOCAL, LDB (RLIN)
a M
905 ## - ELEMENTOS DE DATOS E LOCAL, LDE (RLIN)
a 5232272007 mx bdmn8222223322spa16
942 ## - ELEMENTOS DE PUNTO DE ACCESO ADICIONAL (KOHA)
Tipo de ítem Koha Libro_

No items available.